[Event "NAYCC U18 w"]
[Site "Kingston CAN"]
[Date "2019.08.17"]
[Round "3.203"]
[White "Karelina, Polina"]
[Black "Qiao, Cindy"]
[Result "1-0"]
[WhiteElo "1689"]
[BlackElo "1822"]
[PlyCount "145"]
[EventDate "2019.08.16"]
[EventType "swiss"]
[EventRounds "9"]
[EventCountry "CAN"]

1. e4 c5 2. Nc3 Nc6 3. g3 g6 4. Bg2 Bg7 5. d3 e6 6. f4 Nge7 7. Nf3 O-O 8. O-O
Nd4 9. e5 d6 10. Ne4 Nxf3+ 11. Qxf3 Nf5 12. exd6 Nxd6 13. Nxc5 Qb6 14. Qf2 Nf5
15. Nb3 Qd8 16. g4 Nd4 17. Be3 Nc6 18. d4 Qc7 19. c3 b6 20. Nd2 Ba6 21. Rfe1
Rad8 22. Ne4 Ne7 23. Qh4 f6 24. Qf2 Qc8 25. Ng3 Qd7 26. h4 g5 27. hxg5 fxg5 28.
Qd2 e5 29. fxe5 Qxg4 30. Bf2 h5 31. Re4 Rf4 32. Qd1 Rxe4 33. Nxe4 Be2 34. Qb3+
Kf8 35. Nd6 Qf4 36. c4 Nf5 37. Nxf5 Qxf5 38. Re1 Qg4 39. Qc2 Bf3 40. Be3 Kg8
41. Rf1 Bb7 42. Rf2 Rf8 43. Rxf8+ Kxf8 44. Qf2+ Ke7 45. Kh2 Bc8 46. Qg3 Qxg3+
47. Kxg3 h4+ 48. Kh2 Bh6 49. Bh3 g4 50. Bxh6 gxh3 51. Bg5+ Kf7 52. Bxh4 Bf5 53.
Bg3 Bb1 54. Kxh3 Bxa2 55. c5 bxc5 56. dxc5 Bd5 57. Kg4 Ke6 58. Kf4 a6 59. Be1
Bc6 60. Ba5 Bd5 61. Bc7 Bc6 62. Ke3 Kd5 63. Bd6 Bb5 64. Kd2 Bc6 65. Kc3 Bb5 66.
Kb4 Be2 67. Ka5 Bc4 68. Kb6 Bb5 69. b4 Bd3 70. c6 Bf5 71. Kb7 Be4 72. c7 Ke6+
73. Kb8 1-0

[Event "NAYCC U18 w"]
[Site "Kingston CAN"]
[Date "2019.08.17"]
[Round "4.197"]
[White "Ehsani, Yassamin"]
[Black "Chin, Angelica"]
[Result "1-0"]
[WhiteElo "1948"]
[BlackElo "1893"]
[PlyCount "77"]
[EventDate "2019.08.16"]
[EventType "swiss"]
[EventRounds "9"]
[EventCountry "CAN"]

1. e4 c5 2. Nc3 Nc6 3. Bb5 g6 4. Bxc6 bxc6 5. d3 Bg7 6. Be3 d6 7. Nge2 e6 8.
Qd2 Ne7 9. O-O O-O 10. Bh6 Rb8 11. Bxg7 Kxg7 12. b3 Qc7 13. e5 d5 14. Na4 Qxe5
15. f4 Qd6 16. Qc3+ Kg8 17. Nxc5 Nf5 18. d4 Qc7 19. Nc1 Nd6 20. N1d3 Nb5 21.
Qb2 Qb6 22. Ne5 Rd8 23. c3 Nc7 24. Qf2 Na6 25. Ncd3 Bb7 26. Qh4 Qc7 27. Qf6 Kf8
28. Qh8+ Ke7 29. Qxh7 Kf6 30. Ng4+ Ke7 31. Nde5 Rf8 32. Nxg6+ Kd6 33. Nxf8 Rxf8
34. Qg7 Qd8 35. Qe5+ Kd7 36. f5 Nc7 37. Rae1 exf5 38. Qxf5+ Ne6 39. Rxe6 1-0

[Event "NAYCC U18 w"]
[Site "Kingston CAN"]
[Date "2019.08.17"]
[Round "4.198"]
[White "Ravishankar, Ramitha"]
[Black "Chen, Minda"]
[Result "0-1"]
[WhiteElo "1480"]
[BlackElo "1944"]
[PlyCount "68"]
[EventDate "2019.08.16"]
[EventType "swiss"]
[EventRounds "9"]
[EventCountry "CAN"]

1. e4 c5 2. Nf3 Nc6 3. d4 cxd4 4. Nxd4 e6 5. Be3 Qc7 6. Nc3 a6 7. Bd3 Nf6 8. f4
Nxd4 9. Bxd4 Qxf4 10. Ne2 Qg5 11. O-O Bc5 12. Bxc5 Qxc5+ 13. Kh1 b5 14. c3 Bb7
15. Ng3 h5 16. Qf3 Qc7 17. Rf2 h4 18. Nf1 Bc6 19. Nd2 Rh6 20. Re2 g5 21. Qe3
Ng4 22. Qg1 Ne5 23. Bc2 g4 24. Qe3 Rg6 25. Rf1 Ke7 26. Bd3 Rf8 27. c4 b4 28. b3
Qa5 29. c5 Nxd3 30. Qxd3 Qxc5 31. Nc4 h3 32. gxh3 gxh3 33. Qxh3 Rfg8 34. Ree1
Bxe4+ 0-1

[Event "NAYCC U18 w"]
[Site "Kingston CAN"]
[Date "2019.08.17"]
[Round "4.199"]
[White "Liu, Kimberly"]
[Black "Deng, Queena"]
[Result "1-0"]
[WhiteElo "1903"]
[BlackElo "1822"]
[PlyCount "65"]
[EventDate "2019.08.16"]
[EventType "swiss"]
[EventRounds "9"]
[EventCountry "CAN"]

1. e4 e6 2. d4 d5 3. exd5 exd5 4. Nf3 Nf6 5. Bg5 c5 6. Bb5+ Nc6 7. O-O Be7 8.
dxc5 O-O 9. Bxc6 bxc6 10. b4 Bg4 11. Qd3 h6 12. Bh4 a5 13. c3 g5 14. Bg3 Ne4
15. Be5 Qd7 16. Nbd2 Bf5 17. Nd4 Bh7 18. Nxe4 Bxe4 19. Qe2 Rfe8 20. a3 Bxc5 21.
bxc5 Rxe5 22. f3 Qe7 23. fxe4 Rxe4 24. Qh5 Rh4 25. Qf3 Rf4 26. Qh5 Re8 27. Qxh6
Qe3+ 28. Kh1 Rh4 29. Qf6 Rh7 30. Nf5 Qxc5 31. Nh6+ Rxh6 32. Qxf7+ Kh8 33. Qxe8+
1-0

[Event "NAYCC U18 w"]
[Site "Kingston CAN"]
[Date "2019.08.17"]
[Round "4.200"]
[White "Hunt, Fikirte"]
[Black "Peng, Sarah"]
[Result "1-0"]
[WhiteElo "1802"]
[BlackElo "1590"]
[PlyCount "99"]
[EventDate "2019.08.16"]
[EventType "swiss"]
[EventRounds "9"]
[EventCountry "CAN"]

1. Nf3 d5 2. d4 c6 3. g3 Nf6 4. Bg2 Bf5 5. O-O e6 6. b3 Bd6 7. Bb2 Nbd7 8. Nbd2
Qe7 9. Re1 h6 10. c4 O-O 11. Qc1 Ne4 12. a3 f6 13. Nxe4 Bxe4 14. Nh4 Qf7 15.
Nf3 e5 16. Rf1 Qh5 17. Qd2 Bf5 18. cxd5 e4 19. dxc6 bxc6 20. Nh4 Bh7 21. Qc2
Rac8 22. Bxe4 Bxe4 23. Qxe4 Rfe8 24. Qf3 Qf7 25. e4 Rb8 26. b4 c5 27. Nf5 Bf8
28. Bc3 cxb4 29. Bxb4 Bxb4 30. axb4 Re6 31. Rxa7 Rxb4 32. d5 Reb6 33. Qg4 Kh7
34. Nxg7 Rb7 35. Rxb7 Rxb7 36. Nf5 Ne5 37. Qf4 Qh5 38. Nh4 Qf7 39. Qf5+ Kh8 40.
Qc8+ Kh7 41. Rc1 Ra7 42. d6 h5 43. Rc7 Rxc7 44. Qxc7 Nd7 45. Qd8 Ne5 46. Qe7
Kg7 47. Nf5+ Kg6 48. Qxf7+ Nxf7 49. f4 Nd8 50. Kf2 1-0

[Event "NAYCC U18 w"]
[Site "Kingston CAN"]
[Date "2019.08.17"]
[Round "4.201"]
[White "Lopez, Anastacia"]
[Black "Demchenko, Svitlana"]
[Result "0-1"]
[WhiteElo "1792"]
[BlackElo "2045"]
[PlyCount "72"]
[EventDate "2019.08.16"]
[EventType "swiss"]
[EventRounds "9"]
[EventCountry "CAN"]

1. d4 Nf6 2. Nf3 g6 3. Bg5 Bg7 4. e3 d6 5. Nbd2 Nbd7 6. Be2 O-O 7. O-O h6 8.
Bh4 b6 9. c3 Bb7 10. a4 a6 11. Qc2 e5 12. Rfc1 g5 13. dxe5 gxh4 14. exf6 Qxf6
15. h3 Nc5 16. b4 Ne6 17. Qd3 d5 18. Rab1 Rad8 19. Nb3 c5 20. bxc5 bxc5 21. Qc2
Bc8 22. c4 d4 23. exd4 cxd4 24. Bd3 Nf4 25. Nc5 Nxg2 26. Be4 Nf4 27. Rb3 Nxh3+
28. Kh1 Bg4 29. Nh2 Nxf2+ 30. Kg2 Nxe4 31. Nxg4 Qg5 32. Qxe4 Qxc1 33. Rf3 Rde8
34. Qf5 Re2+ 35. Nf2 Qg5+ 36. Kh3 Rxf2 0-1

[Event "NAYCC U18 w"]
[Site "Kingston CAN"]
[Date "2019.08.17"]
[Round "4.202"]
[White "Chatterjee, Trina"]
[Black "Karelina, Polina"]
[Result "1-0"]
[WhiteElo "1930"]
[BlackElo "1689"]
[PlyCount "99"]
[EventDate "2019.08.16"]
[EventType "swiss"]
[EventRounds "9"]
[EventCountry "CAN"]

1. e4 d6 2. d4 Nf6 3. Nc3 c6 4. Nf3 Bg4 5. Be3 e6 6. h3 Bh5 7. Bd3 Be7 8. O-O
O-O 9. Nb1 d5 10. e5 Nfd7 11. Nbd2 c5 12. c3 Nc6 13. Qb1 Bg6 14. Bxg6 hxg6 15.
Rd1 Rc8 16. Rc1 g5 17. Nf1 g6 18. Qd3 Na5 19. N1h2 Nc4 20. Qe2 Kg7 21. Ng4 Rh8
22. Rc2 Nxe3 23. Nxe3 Rh5 24. Rac1 f5 25. exf6+ Nxf6 26. Ne5 Bd6 27. N3g4 Nxg4
28. Nxg4 Qe7 29. Re1 Re8 30. dxc5 Bxc5 31. Qe5+ Kf7 32. Rce2 Rhh8 33. Qg3 Rhf8
34. Rxe6 Qxe6 35. Rxe6 Kxe6 36. Qe5+ Kd7 37. Nf6+ Rxf6 38. Qxf6 Re1+ 39. Kh2
Bd6+ 40. g3 Re2 41. Qf7+ Kc6 42. Kg2 Rxb2 43. c4 dxc4 44. Qxc4+ Bc5 45. Qe4+
Kd7 46. Qd5+ Bd6 47. Qxg5 Rxa2 48. Qg4+ Ke7 49. Qxg6 a6 50. Qg7+ 1-0

[Event "NAYCC U18 w"]
[Site "Kingston CAN"]
[Date "2019.08.17"]
[Round "4.203"]
[White "Cao, Lucy"]
[Black "Johnson, Jillian"]
[Result "1-0"]
[WhiteElo "1704"]
[BlackElo "572"]
[PlyCount "59"]
[EventDate "2019.08.16"]
[EventType "swiss"]
[EventRounds "9"]
[EventCountry "CAN"]

1. e4 e5 2. Nf3 Nc6 3. Bc4 d6 4. d4 Nf6 5. dxe5 Nxe4 6. Bxf7+ Kxf7 7. Qd5+ Kg6
8. Qxe4+ Bf5 9. Nh4+ Kf7 10. Qxf5+ Ke8 11. e6 Ne5 12. Bg5 Be7 13. Bxe7 Qxe7 14.
Nf3 g6 15. Qe4 Qxe6 16. Nxe5 dxe5 17. O-O Rd8 18. Qxb7 Qd6 19. Nc3 Qd4 20. Rad1
Qc5 21. Rxd8+ Kxd8 22. Qb8+ Kd7 23. Qxh8 h5 24. Rd1+ Kc6 25. Qa8+ Kb6 26. Na4+
Kb5 27. Rd5 a6 28. Qb7+ Kxa4 29. Qb3+ Ka5 30. Rxc5# 1-0

[Event "NAYCC U18 w"]
[Site "Kingston CAN"]
[Date "2019.08.17"]
[Round "4.204"]
[White "Qiao, Cindy"]
[Black "Jie, Cindy"]
[Result "0-1"]
[WhiteElo "1822"]
[BlackElo "1902"]
[PlyCount "126"]
[EventDate "2019.08.16"]
[EventType "swiss"]
[EventRounds "9"]
[EventCountry "CAN"]

1. e4 e5 2. Nf3 Nc6 3. Bc4 Be7 4. d4 d6 5. dxe5 dxe5 6. Qxd8+ Bxd8 7. Be3 Nf6
8. Nc3 O-O 9. O-O-O Bg4 10. h3 Bh5 11. g4 Bg6 12. Bd3 Be7 13. h4 h5 14. g5 Ng4
15. Nd5 Bd6 16. Nh2 Nxe3 17. Nxe3 Bc5 18. Rde1 Nd4 19. Nhf1 Ne6 20. f3 Nf4 21.
Bc4 c6 22. a3 b5 23. Ba2 a5 24. Ng3 a4 25. Ngf5 Rfd8 26. Rh2 Kf8 27. Rd2 Rxd2
28. Kxd2 Rd8+ 29. Kc1 Bxf5 30. Nxf5 g6 31. Nh6 Rd7 32. Nxf7 Rxf7 33. Bxf7 Kxf7
34. Kd2 Ke7 35. Rd1 Bd4 36. c3 Bc5 37. Kc1 Ng2 38. Rh1 Kd6 39. Rd1+ Kc7 40. Rh1
Kb6 41. Kd2 Ne3 42. Kc1 Nc4 43. Kc2 Be3 44. Rh2 Bf4 45. Rh1 Nd2 46. Rh3 Kc5 47.
Kd3 Nc4 48. Kc2 Ne3+ 49. Kd2 Kc4 50. Kc1 Kd3 51. Kb1 Ke2 52. b3 Kf2 53. Rh1 Nf1
54. c4 Kg2 55. Rxf1 Kxf1 56. cxb5 cxb5 57. bxa4 bxa4 58. Kb2 Bd2 59. Kc2 Ke2
60. f4 Bxf4 61. Kc3 Ke3 62. Kb4 Kxe4 63. Kxa4 Bc1 0-1

[Event "NAYCC U18 w"]
[Site "Kingston CAN"]
[Date "2019.08.18"]
[Round "5.197"]
[White "Chen, Minda"]
[Black "Ehsani, Yassamin"]
[Result "1/2-1/2"]
[WhiteElo "1944"]
[BlackElo "1948"]
[PlyCount "70"]
[EventDate "2019.08.16"]
[EventType "swiss"]
[EventRounds "9"]
[EventCountry "CAN"]

1. d4 d5 2. c4 c6 3. Nf3 Nf6 4. Nc3 e6 5. Bg5 Be7 6. e3 O-O 7. Bd3 Nbd7 8. O-O
h6 9. Bh4 dxc4 10. Bxc4 b5 11. Bd3 Bb7 12. Rc1 a6 13. Bb1 Rc8 14. Qc2 c5 15.
dxc5 Rxc5 16. Qe2 b4 17. Na4 Rxc1 18. Rxc1 Qa5 19. b3 Qh5 20. Bg3 Rc8 21. Rxc8+
Bxc8 22. Bd3 Nc5 23. Nxc5 Qxc5 24. Bc4 Bb7 25. Ne5 Bd6 26. Qb2 a5 27. Kf1 Ne4
28. Nd3 Nxg3+ 29. hxg3 Qh5 30. Kg1 Qd1+ 31. Kh2 e5 32. Qc1 Qh5+ 33. Kg1 Qg4 34.
Ne1 Qe4 35. Qd1 Qc6 1/2-1/2

[Event "NAYCC U18 w"]
[Site "Kingston CAN"]
[Date "2019.08.18"]
[Round "5.198"]
[White "Chin, Angelica"]
[Black "Liu, Kimberly"]
[Result "0-1"]
[WhiteElo "1893"]
[BlackElo "1903"]
[PlyCount "108"]
[EventDate "2019.08.16"]
[EventType "swiss"]
[EventRounds "9"]
[EventCountry "CAN"]

1. e4 e6 2. d4 d5 3. Nd2 Nf6 4. e5 Nfd7 5. Bd3 c5 6. c3 Nc6 7. Ne2 cxd4 8. cxd4
f6 9. exf6 Nxf6 10. O-O Bd6 11. Nf3 Qc7 12. h3 O-O 13. Be3 Bd7 14. Re1 Be8 15.
Ng5 Bf7 16. Qc2 h6 17. Bh7+ Kh8 18. Nxf7+ Qxf7 19. Bg6 Qc7 20. a3 e5 21. dxe5
Bxe5 22. Red1 Rac8 23. Rac1 Qb8 24. Qd2 Ne7 25. Bb1 Ne4 26. Bxe4 dxe4 27. Bxh6
Rxc1 28. Qxc1 gxh6 29. Qxh6+ Kg8 30. Qe6+ Rf7 31. Rd7 Kf8 32. Qb3 b5 33. Qd1
Qb6 34. Nd4 Ke8 35. Kh1 Kxd7 36. Nf3+ Bd6 37. Ne5+ Ke8 38. Nxf7 Kxf7 39. Qh5+
Ke6 40. Qg4+ Kd5 41. f3 Qd4 42. Qh5+ Kc6 43. fxe4 Qxe4 44. Qd1 Qe5 45. Qc2+ Kb7
46. g4 Qg3 47. Qg2+ Kb6 48. Qxg3 Bxg3 49. Kg2 Be5 50. Kf3 Bxb2 51. h4 Bxa3 52.
g5 b4 53. Ke2 Nf5 54. g6 Bb2 0-1

[Event "NAYCC U18 w"]
[Site "Kingston CAN"]
[Date "2019.08.18"]
[Round "5.199"]
[White "Demchenko, Svitlana"]
[Black "Hunt, Fikirte"]
[Result "1-0"]
[WhiteElo "2045"]
[BlackElo "1802"]
[PlyCount "71"]
[EventDate "2019.08.16"]
[EventType "swiss"]
[EventRounds "9"]
[EventCountry "CAN"]

1. e4 c5 2. Nf3 d6 3. c3 Nf6 4. g3 Nc6 5. d3 g6 6. Bg2 Bg7 7. O-O O-O 8. Re1
Qc7 9. h3 b5 10. d4 Bb7 11. a3 a5 12. Nbd2 e6 13. Nf1 h6 14. g4 d5 15. e5 Ne4
16. N3h2 cxd4 17. cxd4 f6 18. f3 Ng5 19. h4 Nh7 20. f4 fxe5 21. fxe5 Rf7 22.
Be3 Nf8 23. Nf3 b4 24. Qd2 Kh7 25. Ng3 Qe7 26. h5 Ba6 27. g5 Rc8 28. gxh6 Rxf3
29. Bxf3 Qh4 30. hxg7 Qxg3+ 31. Qg2 Qxg2+ 32. Bxg2 Kxg7 33. h6+ Kh7 34. Bf1 Bb7
35. axb4 axb4 36. Ba6 1-0

[Event "NAYCC U18 w"]
[Site "Kingston CAN"]
[Date "2019.08.18"]
[Round "5.200"]
[White "Deng, Queena"]
[Black "Chatterjee, Trina"]
[Result "1/2-1/2"]
[WhiteElo "1822"]
[BlackElo "1930"]
[PlyCount "50"]
[EventDate "2019.08.16"]
[EventType "swiss"]
[EventRounds "9"]
[EventCountry "CAN"]

1. d4 d5 2. Nf3 Nf6 3. Bf4 c6 4. c3 g6 5. e3 Bg7 6. Be2 O-O 7. h3 b6 8. Qa4 Bb7
9. O-O Ne4 10. Nbd2 Nxd2 11. Nxd2 Nd7 12. Bh2 e5 13. f3 Bh6 14. f4 exd4 15.
exd4 Qe7 16. Rf2 Qe3 17. Nf1 Qe7 18. Bd3 Nf6 19. Re2 Ne4 20. Nd2 f5 21. Nf3 Bg7
22. Rae1 c5 23. Ne5 Kh8 24. Nd7 Rfd8 25. Ne5 Rdc8 1/2-1/2

[Event "NAYCC U18 w"]
[Site "Kingston CAN"]
[Date "2019.08.18"]
[Round "5.201"]
[White "Peng, Sarah"]
[Black "Cao, Lucy"]
[Result "1-0"]
[WhiteElo "1590"]
[BlackElo "1704"]
[PlyCount "49"]
[EventDate "2019.08.16"]
[EventType "swiss"]
[EventRounds "9"]
[EventCountry "CAN"]

1. e4 c5 2. Nf3 Nc6 3. Nc3 d6 4. Bb5 a6 5. Bxc6+ bxc6 6. d3 e6 7. Ne2 d5 8. Ng3
g6 9. O-O Bg7 10. c3 Ne7 11. Bf4 Qb6 12. Qd2 a5 13. Rfe1 Ba6 14. Rad1 c4 15. d4
c5 16. dxc5 Qxc5 17. exd5 Rd8 18. d6 O-O 19. dxe7 Rxd2 20. exf8=Q+ Bxf8 21.
Rxd2 Qb6 22. Red1 Bb7 23. Rd8 Bd5 24. Rb8 Qc5 25. Bh6 1-0

[Event "NAYCC U18 w"]
[Site "Kingston CAN"]
[Date "2019.08.18"]
[Round "5.202"]
[White "Jie, Cindy"]
[Black "Ravishankar, Ramitha"]
[Result "1/2-1/2"]
[WhiteElo "1902"]
[BlackElo "1480"]
[PlyCount "116"]
[EventDate "2019.08.16"]
[EventType "swiss"]
[EventRounds "9"]
[EventCountry "CAN"]

1. d4 d5 2. c4 c6 3. Nc3 Nf6 4. Nf3 e6 5. Bg5 Nbd7 6. e3 Qa5 7. Nd2 Ne4 8.
Ndxe4 dxe4 9. Bf4 Bb4 10. Qc2 e5 11. dxe5 Nxe5 12. Rc1 f5 13. a3 Bxc3+ 14. Qxc3
Qxc3+ 15. Rxc3 Ng6 16. Bd6 Kf7 17. h4 h5 18. c5 a5 19. Rb3 Ne7 20. Bc4+ Nd5 21.
Bxd5+ cxd5 22. Ke2 Ra7 23. Rd1 Ke6 24. Rb6 Ra6 25. Rxa6 bxa6 26. Bc7 a4 27. c6
a5 28. Bxa5 Ba6+ 29. Kd2 Rb8 30. Bc3 Kd6 31. c7 Rc8 32. Rc1 Bc4 33. Bxg7 Rxc7
34. Bd4 Rc8 35. Rg1 Rg8 36. Bf6 Ke6 37. Bc3 Kd6 38. Ba5 Rc8 39. Rh1 Rg8 40. Rg1
Rc8 41. Bc3 Rg8 42. Ke1 Ke6 43. g3 Rc8 44. Kd2 Kd6 45. Rd1 Ke6 46. Ke1 Kd6 47.
Rd4 Ke6 48. Kd2 Rg8 49. Kc2 Ra8 50. Kc1 Rb8 51. Kd2 Ra8 52. Ke1 Rg8 53. Rd1 Rb8
54. Rc1 Ra8 55. Bb4 Rb8 56. Kd2 Rc8 57. Kc3 Bb3+ 58. Kd2 Bc4 1/2-1/2

[Event "NAYCC U18 w"]
[Site "Kingston CAN"]
[Date "2019.08.18"]
[Round "5.203"]
[White "Johnson, Jillian"]
[Black "Lopez, Anastacia"]
[Result "0-1"]
[WhiteElo "572"]
[BlackElo "1792"]
[PlyCount "90"]
[EventDate "2019.08.16"]
[EventType "swiss"]
[EventRounds "9"]
[EventCountry "CAN"]

1. e4 c5 2. Nf3 Nc6 3. d4 cxd4 4. Nxd4 Nf6 5. Nxc6 bxc6 6. f3 e5 7. Be3 d5 8.
Nc3 d4 9. Qd3 dxe3 10. Qxd8+ Kxd8 11. O-O-O+ Kc7 12. Be2 Be6 13. g4 Bb4 14. Rd3
Rhd8 15. Rxe3 Bc5 16. Rd3 Rxd3 17. Bxd3 h5 18. g5 Be3+ 19. Kb1 Bxg5 20. Na4 Nd7
21. Rd1 Bf4 22. h4 g5 23. hxg5 Bxg5 24. Nc3 h4 25. Ne2 Rh8 26. Ng1 h3 27. f4
Bxf4 28. Nf3 h2 29. Rh1 Nf6 30. a4 Ng4 31. Bf1 Nf2 32. Rxh2 Bxh2 33. b4 Nxe4
34. b5 Bf4 35. Bd3 Nc5 36. c4 Nxd3 37. Kc2 Nc5 38. Kc3 Nxa4+ 39. Kb4 cxb5 40.
c5 Nb2 41. Kxb5 Rb8+ 42. Ka5 Nc4+ 43. Ka6 Bc8+ 44. Kxa7 Rb1 45. Ne1 Ra1# 0-1

[Event "NAYCC U18 w"]
[Site "Kingston CAN"]
[Date "2019.08.18"]
[Round "6.197"]
[White "Ehsani, Yassamin"]
[Black "Liu, Kimberly"]
[Result "1/2-1/2"]
[WhiteElo "1948"]
[BlackElo "1903"]
[PlyCount "85"]
[EventDate "2019.08.16"]
[EventType "swiss"]
[EventRounds "9"]
[EventCountry "CAN"]

1. e4 e6 2. d3 d5 3. Nd2 Nf6 4. g3 dxe4 5. dxe4 b6 6. Bg2 e5 7. Ngf3 Bc5 8. O-O
Ba6 9. c4 Qe7 10. a3 O-O 11. b4 Bd6 12. Bb2 Bb7 13. Qb1 Nbd7 14. Bc3 g6 15. Ne1
Nh5 16. Nc2 f5 17. Qb3 c5 18. Rad1 f4 19. Bb2 Ndf6 20. b5 Rad8 21. a4 Bc8 22.
Rfe1 g5 23. Na3 Ng4 24. Rf1 Qg7 25. Bh3 Nxf2 26. Bxc8 fxg3 27. Be6+ Kh8 28.
hxg3 Nxd1 29. Rxd1 Qh6 30. Bf5 Ng7 31. g4 Ne6 32. Nf3 Nd4 33. Qd3 Bc7 34. Qf1
Nxf3+ 35. Qxf3 Rxd1+ 36. Qxd1 Rd8 37. Bxe5+ Kg8 38. Qa1 Bxe5 39. Qxe5 Rd2 40.
Qe8+ Kg7 41. Qe7+ Kh8 42. Qe5+ Kg8 43. Qe8+ 1/2-1/2

[Event "NAYCC U18 w"]
[Site "Kingston CAN"]
[Date "2019.08.18"]
[Round "6.198"]
[White "Chen, Minda"]
[Black "Demchenko, Svitlana"]
[Result "1/2-1/2"]
[WhiteElo "1944"]
[BlackElo "2045"]
[PlyCount "72"]
[EventDate "2019.08.16"]
[EventType "swiss"]
[EventRounds "9"]
[EventCountry "CAN"]

1. d4 Nf6 2. c4 g6 3. Nc3 Bg7 4. e4 d6 5. Be2 O-O 6. Be3 e5 7. d5 Nbd7 8. g4
Nc5 9. Bf3 Ne8 10. g5 f5 11. gxf6 Bxf6 12. Qd2 a6 13. Rb1 Bd7 14. Be2 a5 15.
Nf3 Bg4 16. h3 Bxf3 17. Bxf3 Bh4 18. Bd1 Qf6 19. Rh2 Ng7 20. Rg2 Qf7 21. Bg4
Kh8 22. Qc2 Qe7 23. Qd2 Nd7 24. Kd1 Nf6 25. Kc2 Nfh5 26. Ne2 Nf4 27. Rh2 Rf7
28. Nc3 Raf8 29. Nd1 b6 30. Nc3 Ngh5 31. Rf1 Ng7 32. Rfh1 Rf6 33. Kc1 Qf7 34.
Kb1 Nfh5 35. Nd1 Nf4 36. Ka1 Ngh5 1/2-1/2

[Event "NAYCC U18 w"]
[Site "Kingston CAN"]
[Date "2019.08.18"]
[Round "6.199"]
[White "Peng, Sarah"]
[Black "Chin, Angelica"]
[Result "0-1"]
[WhiteElo "1590"]
[BlackElo "1893"]
[PlyCount "126"]
[EventDate "2019.08.16"]
[EventType "swiss"]
[EventRounds "9"]
[EventCountry "CAN"]

1. e4 c5 2. Nf3 Nc6 3. Nc3 g6 4. Bc4 Bg7 5. a3 d6 6. d3 e6 7. Bf4 a6 8. Ba2
Nge7 9. Qd2 b5 10. Rb1 O-O 11. Bh6 d5 12. O-O Bb7 13. Bxg7 Kxg7 14. exd5 exd5
15. Ne2 d4 16. Ng3 h6 17. Qf4 Nd5 18. Bxd5 Qxd5 19. Rfe1 Rfe8 20. h4 Rad8 21.
Rbc1 Bc8 22. Ne4 f5 23. Ng3 Qd6 24. Qd2 Re7 25. Rxe7+ Nxe7 26. Re1 Nd5 27. Re5
Rf8 28. c4 bxc4 29. dxc4 Nb6 30. b3 Bb7 31. Qe1 Bxf3 32. Re6 Qb8 33. gxf3 Nc8
34. h5 Rf6 35. hxg6 Kxg6 36. Rxf6+ Kxf6 37. Qe8 Qd6 38. f4 Ne7 39. Nh5+ Ke6 40.
Ng7+ Kf6 41. Qh8 Kf7 42. Qh7 Qg6+ 43. Qxg6+ Nxg6 44. Nxf5 Nxf4 45. Nxh6+ Kg6
46. Ng4 Kf5 47. f3 Nd3 48. Nf2 Ne1 49. f4 Kxf4 50. Kf1 Nc2 51. Nd3+ Ke3 52.
Nxc5 Nxa3 53. Ke1 Nc2+ 54. Kd1 Nb4 55. Ne6 d3 56. c5 d2 57. Nf4 Nc6 58. Ne2 Ne5
59. Nc3 Kd3 60. Ne2 a5 61. Nf4+ Ke3 62. Ne2 Ng4 63. Nc3 Kd3 0-1

[Event "NAYCC U18 w"]
[Site "Kingston CAN"]
[Date "2019.08.18"]
[Round "6.200"]
[White "Hunt, Fikirte"]
[Black "Deng, Queena"]
[Result "0-1"]
[WhiteElo "1802"]
[BlackElo "1822"]
[PlyCount "74"]
[EventDate "2019.08.16"]
[EventType "swiss"]
[EventRounds "9"]
[EventCountry "CAN"]

1. Nf3 e6 2. d4 d5 3. Bf4 c5 4. e3 Nf6 5. c4 Be7 6. Nc3 a6 7. Ne5 Nc6 8. Nxc6
bxc6 9. dxc5 Bxc5 10. Be2 O-O 11. O-O h6 12. Bf3 Qe7 13. Bg3 Rd8 14. Qc2 e5 15.
cxd5 cxd5 16. Na4 Ba7 17. Rac1 Bg4 18. Qc7 Qb4 19. b3 Bxf3 20. gxf3 e4 21. Bh4
Ne8 22. Qc3 Qxc3 23. Nxc3 g5 24. Bg3 exf3 25. h4 g4 26. Rcd1 d4 27. exd4 Bxd4
28. Ne4 f5 29. Nd6 Nxd6 30. Rxd4 Ne4 31. Be5 Rxd4 32. Bxd4 Rc8 33. Be3 Kh7 34.
b4 Rc2 35. a4 Rb2 36. Rc1 g3 37. Rc7+ Kg6 0-1

[Event "NAYCC U18 w"]
[Site "Kingston CAN"]
[Date "2019.08.18"]
[Round "6.201"]
[White "Ravishankar, Ramitha"]
[Black "Lopez, Anastacia"]
[Result "1/2-1/2"]
[WhiteElo "1480"]
[BlackElo "1792"]
[PlyCount "106"]
[EventDate "2019.08.16"]
[EventType "swiss"]
[EventRounds "9"]
[EventCountry "CAN"]

1. e4 c5 2. Nf3 Nc6 3. d4 cxd4 4. Nxd4 Nf6 5. Nc3 e5 6. Ndb5 d6 7. Bg5 a6 8.
Na3 b5 9. Nd5 Be7 10. Bxf6 Bxf6 11. c3 O-O 12. Nc2 Bg5 13. Bd3 Be6 14. Nce3 Ne7
15. O-O Nxd5 16. Nxd5 Bxd5 17. exd5 f5 18. f3 Be3+ 19. Kh1 Qg5 20. Qc2 Rf6 21.
g3 Rh6 22. Rae1 Bc5 23. Qg2 f4 24. g4 Rf6 25. Bf5 g6 26. Be6+ Kg7 27. Ra1 Rff8
28. b4 Be3 29. Rfe1 Ra7 30. Re2 Rc7 31. Rc2 Rb8 32. a4 h6 33. axb5 axb5 34. Ra6
Qd8 35. Qe2 Ra7 36. Rca2 Rc7 37. Rc2 Ra7 38. Rca2 Qc7 39. Qd3 Rbb7 40. Ra1 Rxa6
41. Rxa6 Rb6 42. Rxb6 Qxb6 43. Bd7 Qa7 44. Be8 Kf8 45. Bxg6 Qa1+ 46. Kg2 Qg1+
47. Kh3 Ke7 48. Bh7 Qf2 49. Be4 Bd2 50. Qxb5 Be1 51. Qa6 Qh4+ 52. Kg2 Qf2+ 53.
Kh3 Qh4+ 1/2-1/2

[Event "NAYCC U18 w"]
[Site "Kingston CAN"]
[Date "2019.08.18"]
[Round "6.202"]
[White "Chatterjee, Trina"]
[Black "Cao, Lucy"]
[Result "1/2-1/2"]
[WhiteElo "1930"]
[BlackElo "1704"]
[PlyCount "69"]
[EventDate "2019.08.16"]
[EventType "swiss"]
[EventRounds "9"]
[EventCountry "CAN"]

1. e4 c5 2. Nf3 d6 3. d4 Nf6 4. Nc3 cxd4 5. Nxd4 Nc6 6. Be2 e5 7. Nb3 Be7 8.
O-O O-O 9. Kh1 a5 10. a4 Nb4 11. f4 Be6 12. Bf3 Rc8 13. f5 Bc4 14. Be2 d5 15.
exd5 Nfxd5 16. Bxc4 Rxc4 17. Qe2 Qc7 18. Nxd5 Nxd5 19. c3 b6 20. Nd2 Rc6 21.
Ne4 Nf6 22. Nxf6+ Bxf6 23. Be3 Rd8 24. Rad1 Rc8 25. Qb5 h6 26. Rd5 Bg5 27. Bxg5
hxg5 28. Rxe5 Rc5 29. Re8+ Kh7 30. Rxc8 Qxc8 31. Qxb6 Rxf5 32. Rd1 Qc4 33. Qd4
Qe2 34. h3 g6 35. Kh2 1/2-1/2

[Event "NAYCC U18 w"]
[Site "Kingston CAN"]
[Date "2019.08.18"]
[Round "6.203"]
[White "Karelina, Polina"]
[Black "Johnson, Jillian"]
[Result "1-0"]
[WhiteElo "1689"]
[BlackElo "572"]
[PlyCount "77"]
[EventDate "2019.08.16"]
[EventType "swiss"]
[EventRounds "9"]
[EventCountry "CAN"]

1. e4 e5 2. Nf3 d6 3. d4 Bg4 4. dxe5 Ne7 5. exd6 cxd6 6. Bc4 Bh5 7. O-O Nd7 8.
Bf4 Nb6 9. Bb5+ Nd7 10. Bxd6 a6 11. Be2 Qb6 12. b3 Nc5 13. Bxc5 Qxc5 14. Nbd2
g6 15. h3 Bg7 16. Rb1 Rd8 17. g4 Bxg4 18. hxg4 Bc3 19. Bd3 b5 20. Qe2 Nc6 21.
Qe3 Nd4 22. Nxd4 Bxd4 23. Qh6 Rd6 24. Nf3 Rf6 25. Nxd4 Qxd4 26. Qe3 Qd7 27. g5
Rd6 28. Rbd1 Qc8 29. Qg3 Rc6 30. Qe5+ Kf8 31. Qxh8+ Ke7 32. Qxc8 Rxc8 33. f4
Rg8 34. c4 b4 35. c5 Kd7 36. Bxa6+ Kc6 37. Rd6+ Kxc5 38. Rfd1 Rd8 39. R1d5# 1-0